000
00201nam a2200097Ia 4500
008
190216s9999||||xx |||||||||||||| ||und||
100
_a
Uroob
245
0
_a
Amina
260
_b
Current Books
942
_c
BK
999
_c
23685
_d
23685